000 00417nam a22001697a 4500
003 MPLRDC
005 20220104125408.0
008 210129b ||||| |||| 00| 0 eng d
082 _a857.9 WLS-172 v.2
100 _a卧龙生
245 _a神山魔影. 二
_c
260 _a
_b毅力出版社
_c
300 _b
490 _a卧龙生小说专辑. 77
650 _a武侠小说
942 _cBK
_o857.9 WLS-172 v.2
999 _c27025
_d27015